000 00441nam a2200169Ia 4500
003 GCL
008 140319s9999 xx 000 0 ara d
040 _aGCL /
_cGCL
082 0 4 _a922.1
_bم.ح
100 1 _aمحمود شلبى
245 1 0 _aحياة عثمان /
_cمحمود شلبى
260 _a[S.N] :
_bدار الجيل
300 _a351 ص
650 0 4 _aالاسلام
650 0 4 _aعثمان بن عفان
942 _2ddc
_cREF
999 _c59199
_d59199